Countries That First Recognized Another Country - Statistics

General Stats
  • This quiz has been taken 35 times
  • The average score is 8 of 12
Answer Stats
Country That Got Recognized Year Country % Correct
South Korea 1945 UK
97%
Mexico 1822 USA
97%
Vatican City 1929 Italy
83%
United States of America 1777 Morocco
83%
Fiji 1970 Australia
80%
South Sudan 2011 Sudan
77%
Israel 1948 USSR/Russia
67%
Brazil 1823 Argentina
57%
Indonesia 1946 Egypt
57%
Pakistan 1947 Iran
57%
Algeria 1958 North Korea
17%
Kosovo 2008 Costa Rica
7%
No matching quizzes found
Score Distribution
Percent of People with Each Score
Percentile by Number Answered
Your Score History
You have not taken this quiz